Tenim la recepta per mantenir l'equilibri! [Objecte]
Descripción Física:
1 receptari
MARC
| LEADER | 00000nam a2200000Ia 4500 | ||
|---|---|---|---|
| 001 | 23177 | ||
| 008 | 160829s2011 xx 000 0 cat d | ||
| 080 | |a NBM-4-15 | ||
| 245 | |a Tenim la recepta per mantenir l'equilibri! [Objecte] | ||
| 260 | |a Barcelona : |b Diputació de Barcelona. Àrea de Salut Pública i Consum, |c 2011 | ||
| 300 | |a 1 receptari | ||
| 590 | |a El receptari està lligat amb anelles i es pot muntar en forma triangular. | ||
| 590 | |a A la base: cuinasensepares.cat | ||
| 710 | |a Barcelona (Catalunya : Província). |b Àrea de Salut Pública i Consum |9 7348 | ||
| 901 | |a Arxiu | ||
| 942 | |n 1 | ||
| 952 | |0 0 |1 0 |4 0 |6 NBM415 |7 1 |9 52695 |a Arxiu |b Arxiu |d 2016-12-01 |l 0 |o NBM-4-15 |p 23177 |r 2016-12-01 00:00:00 |w 2016-12-01 |y ARXIU | ||
| 999 | |c 56544 |d 56544 | ||